[Event "Tanglin op"]
[Site "Singapore"]
[Date "2022.05.31"]
[Round "6"]
[White "Wu, Lin Feng"]
[Black "Tan, Yi Rui Ray"]
[Result "0-1"]
[WhiteElo "1018"]
[BlackElo "1399"]
[PlyCount "100"]
[EventDate "2022.05.28"]
[EventType "swiss"]
[EventRounds "9"]
[EventCountry "SIN"]
[SourceTitle "CBM 208 Extra"]
[Source "ChessBase"]
[SourceDate "2022.07.31"]
[SourceVersion "1"]
[SourceVersionDate "2022.07.31"]
[SourceQuality "1"]

1. d4 Nf6 2. c4 e6 3. Nf3 b6 4. g3 Bb7 5. Bg2 Be7 6. 0-0 0-0 7. Nc3 Ne4 8. Qc2 Nxc3 9. Qxc3 f5 10. b3 Be4 11. Ne5 Bxg2 12. Kxg2 d6 13. Nf3 Re8 14. Bb2 Nd7 15. Rad1 h6 16. c5 bxc5 17. dxc5 Bf6 18. Qc2 Bxb2 19. cxd6 Bf6 20. dxc7 Qe7 21. Nd4 Bxd4 22. Rxd4 Nb6 23. e4 Rac8 24. exf5 Rxc7 25. Qd3 exf5 26. Qxf5 Rf8 27. Qd3 Rd7 28. Rxd7 Qxd7 29. Qxd7 Nxd7 30. Rc1 Ra8 31. Rc7 Nf6 32. f4 a5 33. Kf3 a4 34. b4 a3 35. Rc5 Ra4 36. Ra5 Rxb4 37. Rxa3 Rb2 38. h3 Rh2 39. h4 h5 40. Ra5 Rc2 41. a4 Rc3+ 42. Kg2 Ra3 43. Ra8+ Kf7 44. a5 Ne4 45. a6 Rxg3+ 46. Kh2 Ra3 47. a7 Nf6 48. Kg2 Kg6 49. Kf2 Kf5 50. Rh8 Rxa7 0-1